1678 1904 1651 1188 1411 1270 1578 1037 1095 1446 1424 1357 1535 1290 1338 1419 1881 1724 1116 1235 1122 1796 1780 1428 1515 1934 1761 1827 1404 1971 1414 1758 1713 1827 1395 1357 1567 1216 1985 1222 1519 1438 1445 1575 1381 1592 1935 1090 1832 1477 1978 1744 1986 1891 1605 1469 1268 1403 1171 1562 1523 1347 1504 1105 1353 1562 1416 1875 1266 1371 1878 1994 1748 1859 1374 1471 1575 1354 1256 1414 1042 1941 1282 1861 1581 1419 1072 1605 1809 1738 1886 1079 1027 1540 1895 1893 1931 1396 1649 BCNSPRNW ULIB Ver.6.0+V

เปลี่ยนเป็นภาษาไทย

Change to English
 แสดงรายละเอียดบรรณานุกรม
  กลับหน้าหลัก

Brief Record : Get Marc (ISO 2709) : E-mail record : QR code < ปิดหน้าต่าง
LEADER : 00000nam 2200000uu 4500
001    13399111494
003     ULIB
008    110628s||||||||th 000 0 tha d
020    9789742257675
050  4 BQ1463.T5^bว968น
100 0  ไวทย์ สันตยารมณ์
245 10 วงล้อศักดิ์สิทย์/^cไวทย์ สันตยารมณ์
250    พิมพ์ครั้งที่ 1
260    สงขลา :^bบ้านครูไวทย์,^c 2553
300    163 หน้า
440  0 นิยายอิงธรรม
650  7 นิยายอิงธรรม
945    ^p0^l0^i028965
945    ^p0^l0^i028966
945    ^p0^l0^i028964
945    ^p0^l0^i001557
995    ทศพร
999 ^a ใช้งานได้ทุกระบบ
รายการนี้ยังไม่มีแท็ก
คุณยังไม่ได้ล็อกอิน คุณสามารถมีกิจกรรมร่วมกับเว็บไซต์ได้ แต่ต้องล็อกอินก่อน ::
  ล็อกอิน

รายการสื่อสารสนเทศ

ลำดับที่ ประเภท เลขเรียก/บาร์โค้ด สถานที่ สถานะ
1. การศึกษาทั่วไป
การศึกษาทั่วไป
BQ1463.T5 ว968น ฉ.4 
  Barcode: 001557
ห้องสมุดวิทยาเขตสวรรค์ประชารักษ์
►หนังสือทั่วไป
บนชั้น

รายการใกล้เคียง
    ผู้แต่ง [ไวทย์ สันตยารมณ์]

    หัวเรื่อง [นิยายอิงธรรม]

BibComment


ยังไม่เคยถูกคอมเมนท์

คอมเมนท์ทรัพยากรรายการนี้
  คอมเมนท์: วงล้อศักดิ์สิทย์ ..


 Copyright 2026. Bcnsprnw @Library